000 00626nab a2200181 4500
001 244442
003 OSt
005 20240503092304.0
007 tu
008 200917s2020|||||||
040 _aDE-2950
_cDE-2950
245 0 0 _aWas Frankfurt und Slubice verloren gegangen ist
_bEuropa. Bei einem Festakt sprachen Slubices Bürgermeisterin Marzena Slodownik und OB René Wilke über das Zusammenleben in der Doppelstadt/
_cSelim Pekel
264 _c2024
653 _aSlubice
653 _aFestakt EU-Beitritt
773 0 _g35. Jahrgang (2024) Nr. 103 vom 03.05.2024, S. 15 mit Fotos
_tMärkische Oderzeitung
942 _2z
_cA
999 _c373130
_d373130